00502nmm a2200157Ia 4500008004100000041000800041100002700049245008300076264005100159300001700210490001100227650003000238856005200268942000700320999001700327251105s9999||||xx |||||||||||||||||und|| aspa aUgarte Pérez, Javier 0aPlacer que nunca muere :b Sobre la regulación del homoerotismo en occidente a[Madrid, España] :bEditorial Egales, c2019 a43 páginas aEnsayo aSocial Sciences (General) uhttps://public.digitaliapublishing.com/a/156320 cCF c99205d99205